[Event "III Open A"]
[Site "Padova ITA"]
[Date "2000.12.02"]
[Round "1"]
[White "Alberton, Roberto"]
[Black "Dervishi, Erald"]
[Result "0-1"]
[WhiteElo "2147"]
[BlackElo "2482"]
[PlyCount "54"]
[EventDate "2000.12.02"]

1. d4 Nf6 2. c4 e6 3. Nc3 d5 4. cxd5 exd5 5. Bg5 Be7 6. e3 O-O 7. Bd3 Nbd7 8.
Nf3 Re8 9. O-O c6 10. Qc2 Nf8 11. h3 Ng6 12. Rfd1 Bd6 13. e4 dxe4 14. Nxe4 Be7
15. Nc5 Nd5 16. Bd2 b6 17. Ne4 Bb7 18. a3 Ngf4 19. Bc4 Ne6 20. Qb3 Rc8 21. Rac1
b5 22. Bd3 Qb6 23. Bb1 c5 24. dxc5 Nxc5 25. Qc2 g6 26. Nxc5 Bxc5 27. Be1 Be3
0-1

[Event "III Open A"]
[Site "Padova ITA"]
[Date "2000.12.02"]
[Round "1"]
[White "Astengo, Marcello"]
[Black "Manca, Federico"]
[Result "0-1"]
[WhiteElo "2060"]
[BlackElo "2396"]
[PlyCount "60"]
[EventDate "2000.12.02"]

1. d4 Nf6 2. Nf3 g6 3. Bf4 Bg7 4. Nbd2 d6 5. e4 O-O 6. Bc4 Nxe4 7. Nxe4 d5 8.
Bxc7 Qxc7 9. Bxd5 Qa5+ 10. Nc3 Rd8 11. Bb3 Nc6 12. O-O Bg4 13. h3 Rxd4 14. Nxd4
Bxd1 15. Nxc6 bxc6 16. Raxd1 Bxc3 17. bxc3 Rd8 18. Rde1 e6 19. Re4 Rd2 20. Ra4
Qc5 21. Rc4 Qd6 22. Ra4 Rd1 23. Rxd1 Qxd1+ 24. Kh2 Qd2 25. Kg1 Qe1+ 26. Kh2
Qxf2 27. Ra6 e5 28. Rxc6 e4 29. Rc8+ Kg7 30. Re8 e3 0-1

[Event "III Open A"]
[Site "Padova ITA"]
[Date "2000.12.02"]
[Round "1"]
[White "Bracaglia, Carlo"]
[Black "Djuric, Stefan"]
[Result "0-1"]
[WhiteElo "2134"]
[BlackElo "2461"]
[PlyCount "98"]
[EventDate "2000.12.02"]

1. e4 c5 2. Nc3 a6 3. g3 b5 4. Bg2 Bb7 5. d3 Nf6 6. Nge2 e6 7. Nf4 d6 8. O-O
Nbd7 9. Re1 Rb8 10. a4 b4 11. Nb1 g6 12. Nd2 Bg7 13. Nc4 Ne5 14. Nxe5 dxe5 15.
Nh3 Qc7 16. b3 O-O 17. g4 Rbd8 18. Qe2 Nd7 19. g5 Qd6 20. Be3 Nb8 21. f3 Nc6
22. Nf2 Nd4 23. Qd1 h5 24. gxh6 Bh8 25. Nh3 Rd7 26. Rf1 f5 27. Ng5 Bf6 28. Nh3
Rh7 29. Rc1 f4 30. Bd2 Bh4 31. Be1 Rxh6 32. Bxh4 Rxh4 33. Nf2 Qb6 34. Kh1 Kg7
35. Ng4 Rfh8 36. Rf2 Bc6 37. Bf1 c4 38. Rg2 c3 39. Nxe5 Be8 40. Ng4 Qc5 41. Be2
Qh5 42. Qg1 e5 43. Bd1 Bd7 44. Qf2 Bxg4 45. fxg4 Qg5 46. Ra1 Rh3 47. Qg1 f3 48.
Rf2 Qf4 49. a5 Rxh2+ 0-1

[Event "III Open A"]
[Site "Padova ITA"]
[Date "2000.12.02"]
[Round "1"]
[White "Cacco, Christian"]
[Black "Di Lazzaro, Gabriele"]
[Result "1-0"]
[WhiteElo "2267"]
[BlackElo "1959"]
[PlyCount "69"]
[EventDate "2000.12.02"]

1. d4 g6 2. Nf3 Bg7 3. g3 c5 4. e3 Nf6 5. Bg2 O-O 6. O-O cxd4 7. exd4 d5 8. Bf4
Bg4 9. Nbd2 Nc6 10. c3 Nh5 11. Be3 Qd7 12. Qb3 b6 13. Ng5 Nf6 14. h3 Bf5 15.
Kh2 h6 16. Ngf3 Bd3 17. Rfe1 e6 18. Rad1 Ne4 19. c4 Nxd2 20. Nxd2 dxc4 21. Nxc4
Bxc4 22. Qxc4 Rac8 23. d5 Ne5 24. Qb3 g5 25. dxe6 Qxe6 26. Qxe6 fxe6 27. Re2
Rfd8 28. Rf1 Nd3 29. b3 e5 30. Rd1 Nc5 31. Bd5+ Kf8 32. Red2 Ke7 33. f4 exf4
34. gxf4 gxf4 35. Bxf4 1-0

[Event "III Open A"]
[Site "Padova ITA"]
[Date "2000.12.02"]
[Round "1"]
[White "Del Monaco, Andrea"]
[Black "Mrdja, Milan"]
[Result "1-0"]
[WhiteElo "2077"]
[BlackElo "2431"]
[PlyCount "87"]
[EventDate "2000.12.02"]

1. e4 c5 2. Nf3 d6 3. d4 cxd4 4. Nxd4 Nf6 5. Nc3 a6 6. Be2 e5 7. Nb3 Be7 8. O-O
O-O 9. Re1 Nbd7 10. a4 b6 11. f3 Bb7 12. Be3 Rc8 13. Qd2 Qc7 14. Red1 Rfd8 15.
Qe1 h6 16. Qf1 d5 17. exd5 Bb4 18. Rd3 e4 19. fxe4 Ne5 20. Bf4 Qe7 21. Rg3 Bxc3
22. bxc3 Nxe4 23. Re3 Bxd5 24. Bxa6 Ng4 25. Bxc8 Nxe3 26. Bxe3 Rxc8 27. Qf5 Qb7
28. a5 Rxc3 29. a6 Qa8 30. Bd4 Rxc2 31. a7 Rc8 32. Bxb6 Ng5 33. h4 Ne6 34. Nd4
Qb7 35. Kh2 Ra8 36. Nxe6 fxe6 37. Qf2 Qc6 38. Bd4 Qc7+ 39. Qg3 Qe7 40. Rb1 Kh7
41. Qd3+ g6 42. Qg3 e5 43. Rc1 g5 44. Bxe5 1-0

[Event "III Open A"]
[Site "Padova ITA"]
[Date "2000.12.02"]
[Round "1"]
[White "Paragua, Mark"]
[Black "Antoniacci, Riccardo"]
[Result "1-0"]
[WhiteElo "2412"]
[BlackElo "2065"]
[PlyCount "55"]
[EventDate "2000.12.02"]

1. Nf3 c5 2. g3 d5 3. Bg2 Nc6 4. O-O e5 5. d3 Be7 6. e4 d4 7. a4 g5 8. Na3 g4
9. Nh4 Bxh4 10. gxh4 Be6 11. Bg5 f6 12. Bd2 Nge7 13. h5 Rg8 14. f4 Qd7 15. Qe1
f5 16. Qg3 fxe4 17. dxe4 exf4 18. Bxf4 a6 19. c3 Bf7 20. Bd6 Rg5 21. Qf4 Qe6
22. Qxg5 Qxd6 23. Qg7 Ne5 24. Rf6 Qc7 25. Raf1 N7c6 26. Rxf7 Nxf7 27. Qg8+ Ke7
28. Rxf7+ 1-0

[Event "III Open A"]
[Site "Padova ITA"]
[Date "2000.12.02"]
[Round "1"]
[White "Radulescu, Gheorghe"]
[Black "Genocchio, Daniele"]
[Result "0-1"]
[WhiteElo "1902"]
[BlackElo "2201"]
[PlyCount "110"]
[EventDate "2000.12.02"]

1. d4 Nf6 2. c4 c5 3. Nf3 e6 4. Nc3 cxd4 5. Nxd4 d6 6. e4 Be7 7. Be2 O-O 8. O-O
b6 9. Bf3 e5 10. Nf5 Nc6 11. Nxe7+ Qxe7 12. Bg5 Be6 13. Nd5 Bxd5 14. cxd5 Nd4
15. g3 Rac8 16. Bg2 h6 17. Be3 Nc2 18. Rb1 Nxe3 19. fxe3 Rc4 20. Rc1 Rfc8 21.
Rxc4 Rxc4 22. Qd3 Qc7 23. Bf3 Qc5 24. Kg2 a5 25. Rf2 Rc1 26. Bd1 Qc4 27. Qxc4
Rxc4 28. Rc2 Ng4 29. Kf3 Rxc2 30. Bxc2 Nxh2+ 31. Kg2 Ng4 32. Kf3 h5 33. Ba4 Kf8
34. a3 Nf6 35. b4 g5 36. Bc2 Kg7 37. b5 g4+ 38. Kg2 Nd7 39. Kf2 Kf6 40. Kg2 Kg5
41. Kh2 Nf8 42. Kg2 Ng6 43. Kf2 Ne7 44. Bd3 h4 45. gxh4+ Kxh4 46. Kg2 f5 47.
Bc2 Kg5 48. Kf2 f4 49. Bd1 Ng6 50. Be2 Nh4 51. exf4+ Kxf4 52. Bd3 g3+ 53. Ke2
Nf3 54. Kf1 Ke3 55. Bc2 Ne1 0-1

[Event "III Open A"]
[Site "Padova ITA"]
[Date "2000.12.02"]
[Round "1"]
[White "Rossi, Carlo"]
[Black "Straub, Peter"]
[Result "1-0"]
[WhiteElo "2436"]
[BlackElo "2086"]
[PlyCount "73"]
[EventDate "2000.12.02"]

1. e4 c5 2. Nf3 e6 3. b4 b6 4. bxc5 bxc5 5. Bb2 Bb7 6. Nc3 Nc6 7. Rb1 Rb8 8. e5
a6 9. Ne4 Nd4 10. Bd3 Bxe4 11. Bxe4 Nxf3+ 12. Bxf3 g6 13. O-O Bg7 14. Bc3 Ne7
15. Qe2 Qc7 16. Qxa6 O-O 17. Rb7 Rxb7 18. Qxb7 Qxb7 19. Bxb7 Rb8 20. Be4 Nd5
21. Bxd5 exd5 22. d4 Rc8 23. Ra1 cxd4 24. Bxd4 d6 25. f4 dxe5 26. fxe5 Rc4 27.
c3 Ra4 28. Rb1 h5 29. Rb8+ Kh7 30. Rb7 Rxa2 31. Rxf7 Kg8 32. Rd7 Ra5 33. Kf2
Kf8 34. Kf3 Bh6 35. e6 Bg5 36. Rf7+ Ke8 37. Bf6 1-0

[Event "III Open A"]
[Site "Padova ITA"]
[Date "2000.12.02"]
[Round "1"]
[White "Sabia, Corrado"]
[Black "Solozhenkin, Evgeniy"]
[Result "0-1"]
[WhiteElo "2194"]
[BlackElo "2517"]
[PlyCount "66"]
[EventDate "2000.12.02"]

1. d4 Nf6 2. c4 e6 3. Nc3 Bb4 4. e3 O-O 5. Bd3 d5 6. Nf3 c5 7. O-O cxd4 8. exd4
dxc4 9. Bxc4 Nbd7 10. Qe2 Nb6 11. Bb3 Nbd5 12. Bd2 Be7 13. Rad1 b6 14. Ne5 Bb7
15. Bg5 Rc8 16. Qd3 a6 17. Qh3 b5 18. Bc2 g6 19. a3 Nxc3 20. bxc3 Nd5 21. Bd2
Qc7 22. Bb1 Nxc3 23. Bxc3 Qxc3 24. Rd3 Qb2 25. Rg3 Rc1 26. Bxg6 Rxf1+ 27. Kxf1
hxg6 28. Qh6 Qb1+ 29. Ke2 Qc2+ 30. Ke1 Qe4+ 31. Kf1 Rc8 32. Nd3 Rc2 33. Ne1
Qe2+ 0-1

[Event "III Open A"]
[Site "Padova ITA"]
[Date "2000.12.02"]
[Round "1"]
[White "Skembris, Spyridon"]
[Black "Cecchetto, Vanni"]
[Result "1-0"]
[WhiteElo "2475"]
[BlackElo "2139"]
[PlyCount "85"]
[EventDate "2000.12.02"]

1. d4 Nf6 2. c4 e6 3. Nf3 b6 4. g3 Bb7 5. Bg2 d5 6. Ne5 Be7 7. Nc3 O-O 8. O-O
c6 9. e4 dxe4 10. Nxe4 Qc7 11. Bf4 Qc8 12. Bg5 Nbd7 13. Nxd7 Qxd7 14. Nxf6+
Bxf6 15. Bxf6 gxf6 16. Qg4+ Kh8 17. Qh4 f5 18. Qf6+ Kg8 19. Rad1 Qd8 20. Qh6 f6
21. Rfe1 Qd7 22. g4 fxg4 23. Re4 e5 24. h3 f5 25. Rxe5 Qg7 26. Qxg7+ Kxg7 27.
Re7+ Rf7 28. Rxb7 Rxb7 29. Bxc6 Rab8 30. Bxb7 Rxb7 31. hxg4 Re7 32. d5 fxg4 33.
d6 Rd7 34. b4 Kf6 35. c5 bxc5 36. bxc5 Ke6 37. Kg2 Rd8 38. Kg3 Kd7 39. Kxg4 Rc8
40. Rd5 Rg8+ 41. Rg5 Rf8 42. Rg7+ Kc6 43. Rc7+ 1-0

[Event "III Open A"]
[Site "Padova ITA"]
[Date "2000.12.03"]
[Round "2"]
[White "Antoniacci, Riccardo"]
[Black "Sabia, Corrado"]
[Result "0-1"]
[WhiteElo "2065"]
[BlackElo "2194"]
[PlyCount "84"]
[EventDate "2000.12.02"]

1. e4 c5 2. Nf3 e6 3. d4 cxd4 4. Nxd4 Nf6 5. Nc3 d6 6. Be2 a6 7. O-O Be7 8. Kh1
Nc6 9. Be3 O-O 10. f4 Qc7 11. a4 Re8 12. Bf3 Rb8 13. Qe2 Bf8 14. Qf2 Bd7 15. g4
Nxd4 16. Bxd4 Bc6 17. Bb6 Qc8 18. g5 Nd7 19. Ba7 Ra8 20. a5 Qc7 21. Be3 g6 22.
h4 Re7 23. h5 Rae8 24. Na4 f5 25. e5 dxe5 26. Bb6 Qc8 27. Rfd1 exf4 28. Rd2 Ne5
29. Bxc6 Qxc6+ 30. Qg2 f3 31. Qf1 f2+ 32. Qg2 f1=Q+ 33. Rxf1 Qxa4 34. Rd4 Qc6
35. Qxc6 Nxc6 36. Rd2 gxh5 37. Rfd1 Rg7 38. Rd7 Rxd7 39. Rxd7 Re7 40. Rd2 Rg7
41. Rg2 Be7 42. Re2 Kf7 0-1

[Event "III Open A"]
[Site "Padova ITA"]
[Date "2000.12.03"]
[Round "2"]
[White "Caruso, Augusto"]
[Black "Zlochevskij, Alexander"]
[Result "1/2-1/2"]
[WhiteElo "2287"]
[BlackElo "2450"]
[PlyCount "28"]
[EventDate "2000.12.02"]

1. e4 d5 2. exd5 Nf6 3. Nf3 Nxd5 4. c4 Nb6 5. d4 Bg4 6. c5 N6d7 7. Bc4 e6 8.
O-O Be7 9. Nbd2 O-O 10. b4 a5 11. Qa4 c6 12. b5 Bf5 13. Re1 cxb5 14. Bxb5 Qc7
1/2-1/2

[Event "III Open A"]
[Site "Padova ITA"]
[Date "2000.12.03"]
[Round "2"]
[White "Danieli, Enrico"]
[Black "Radulescu, Gheorghe"]
[Result "1-0"]
[WhiteElo "2096"]
[BlackElo "1902"]
[PlyCount "49"]
[EventDate "2000.12.02"]

1. d4 d6 2. Nf3 Nf6 3. e3 g6 4. Be2 Bg7 5. O-O O-O 6. c3 a6 7. b4 b5 8. Nbd2
Nbd7 9. a4 bxa4 10. Qxa4 Nb6 11. Qb3 Bb7 12. Bb2 Nfd7 13. Ra5 e5 14. Rfa1 e4
15. Ne1 Nb8 16. c4 Nc6 17. R5a3 Ne7 18. c5 dxc5 19. bxc5 Bd5 20. Qc2 Nd7 21.
Nxe4 f5 22. Nc3 f4 23. Nxd5 Nxd5 24. Bc4 c6 25. e4 1-0

[Event "III Open A"]
[Site "Padova ITA"]
[Date "2000.12.03"]
[Round "2"]
[White "Dervishi, Erald"]
[Black "Cacco, Christian"]
[Result "1-0"]
[WhiteElo "2482"]
[BlackElo "2267"]
[PlyCount "87"]
[EventDate "2000.12.02"]

1. e4 c5 2. Nf3 Nc6 3. d4 cxd4 4. Nxd4 Nf6 5. Nc3 e5 6. Ndb5 d6 7. Bg5 a6 8.
Na3 b5 9. Nd5 Be7 10. Bxf6 Bxf6 11. c3 Bg5 12. Nc2 O-O 13. a4 bxa4 14. Rxa4 a5
15. Bc4 Bb7 16. O-O Nb8 17. b4 Nd7 18. Qd3 axb4 19. Rxa8 Bxa8 20. cxb4 Nb6 21.
Nxb6 Qxb6 22. Ra1 Bb7 23. g3 g6 24. h4 Bh6 25. Bd5 Rc8 26. Bxb7 Qxb7 27. b5 Rc5
28. Rb1 d5 29. exd5 Rxd5 30. Qb3 e4 31. b6 Rd6 32. Qb4 Bf8 33. Qa5 Rd7 34. Ne3
Bg7 35. Qa4 h5 36. Nc4 Bd4 37. Na5 Qb8 38. Kf1 Qd6 39. b7 Ba7 40. b8=Q+ Bxb8
41. Rxb8+ Kh7 42. Qb3 e3 43. Nc4 Qa6 44. Qc3 1-0

[Event "III Open A"]
[Site "Padova ITA"]
[Date "2000.12.03"]
[Round "2"]
[White "Di Lazzaro, Gabriele"]
[Black "Bracaglia, Carlo"]
[Result "1/2-1/2"]
[WhiteElo "1959"]
[BlackElo "2134"]
[PlyCount "43"]
[EventDate "2000.12.02"]

1. e4 c5 2. c3 d5 3. exd5 Qxd5 4. d4 Nf6 5. Nf3 e6 6. Na3 Nc6 7. Be3 cxd4 8.
Nb5 Qd8 9. Nbxd4 Nxd4 10. Bxd4 Be7 11. Bb5+ Bd7 12. Qa4 O-O 13. Bxd7 Qxd7 14.
Qxd7 Nxd7 15. O-O-O Rfd8 16. Rhe1 Nf6 17. Bxf6 Bxf6 18. Rxd8+ Rxd8 19. Rd1 Kf8
20. Rxd8+ Bxd8 21. Kd2 Ke7 22. Kd3 1/2-1/2

[Event "III Open A"]
[Site "Padova ITA"]
[Date "2000.12.03"]
[Round "2"]
[White "Djuric, Stefan"]
[Black "Del Monaco, Andrea"]
[Result "1-0"]
[WhiteElo "2461"]
[BlackElo "2077"]
[PlyCount "31"]
[EventDate "2000.12.02"]

1. e4 d6 2. d4 g6 3. Nf3 Bg7 4. Bc4 Nc6 5. O-O Nf6 6. e5 dxe5 7. Nxe5 Nxe5 8.
dxe5 Qxd1 9. Rxd1 Ne4 10. f4 Nc5 11. Be3 Ne6 12. Nc3 Bd7 13. a4 a6 14. Nd5 f5
15. Rd2 h6 16. Rad1 1-0

[Event "III Open A"]
[Site "Padova ITA"]
[Date "2000.12.03"]
[Round "2"]
[White "Manca, Federico"]
[Black "Skembris, Spyridon"]
[Result "1-0"]
[WhiteElo "2396"]
[BlackElo "2475"]
[PlyCount "57"]
[EventDate "2000.12.02"]

1. e4 e5 2. Nf3 Nc6 3. d4 exd4 4. Nxd4 Bc5 5. Nxc6 Qf6 6. Qd2 dxc6 7. Nc3 Be6
8. Na4 Bd6 9. Qe3 Nh6 10. h3 O-O 11. Bd2 Rfe8 12. O-O-O Bxa2 13. g4 Qh4 14. Nc3
Be6 15. Bd3 f6 16. f4 Nf7 17. Ne2 b5 18. Rdg1 a5 19. Be1 Qh6 20. h4 Bc4 21. g5
fxg5 22. hxg5 Qg6 23. Qh3 Rxe4 24. f5 Qxg5+ 25. Rxg5 Nxg5 26. Qg2 Rxe2 27.
Bxc4+ bxc4 28. Qxe2 Bf4+ 29. Kb1 1-0

[Event "III Open A"]
[Site "Padova ITA"]
[Date "2000.12.03"]
[Round "2"]
[White "Naumkin, Igor"]
[Black "Chatalbashev, Boris"]
[Result "1-0"]
[WhiteElo "2440"]
[BlackElo "2494"]
[PlyCount "81"]
[EventDate "2000.12.02"]

1. d4 g6 2. c4 Bg7 3. Nc3 c5 4. d5 d6 5. e4 e6 6. Nf3 exd5 7. cxd5 a6 8. a4 Bg4
9. Be2 Bxf3 10. Bxf3 Nd7 11. O-O Ne7 12. a5 O-O 13. Bg4 Ne5 14. Be2 f5 15. f4
Nd7 16. g4 Bd4+ 17. Kh1 Nf6 18. exf5 gxf5 19. g5 Ne4 20. Nxe4 fxe4 21. Qc2 Qd7
22. Qxe4 Rae8 23. Qe6+ Qxe6 24. dxe6 Kg7 25. Bd2 Nf5 26. Bc4 Ne3 27. Bxe3 Bxe3
28. Rae1 Rxf4 29. Rxf4 Bxf4 30. Rf1 Bxg5 31. Rf7+ Kg6 32. Bd3+ Kh5 33. Rxh7+
Kg4 34. Rf7 d5 35. Be2+ Kh3 36. Rh7+ Bh4 37. Rxb7 c4 38. Rg7 Bd8 39. Rg3+ Kh4
40. Rg4+ Kh3 41. Rf4 1-0

[Event "III Open A"]
[Site "Padova ITA"]
[Date "2000.12.03"]
[Round "2"]
[White "Paragua, Mark"]
[Black "Timoscenko, Gennadij A."]
[Result "1/2-1/2"]
[WhiteElo "2412"]
[BlackElo "2534"]
[PlyCount "76"]
[EventDate "2000.12.02"]

1. Nf3 c5 2. g3 Nc6 3. Bg2 g6 4. O-O Bg7 5. e4 e5 6. d3 Nge7 7. c3 d6 8. a3 O-O
9. b4 h6 10. Nbd2 Be6 11. b5 Na5 12. d4 exd4 13. cxd4 cxd4 14. Bb2 Qb6 15. Qa4
Bd7 16. Nxd4 a6 17. Rab1 axb5 18. Qb4 Be5 19. a4 Nec6 20. Nxc6 bxc6 21. Bxe5
dxe5 22. Nf3 Rfe8 23. Qc3 Qb8 24. Qd2 Bg4 25. axb5 cxb5 26. Qxh6 Bxf3 27. Bxf3
Nc6 28. h4 Nd4 29. Bd1 Ra3 30. h5 Qb6 31. Kg2 Qc6 32. Re1 Qf6 33. hxg6 Qxg6 34.
Qh4 Qh7 35. Qg5+ Qg7 36. Qh4 Qh7 37. Qg5+ Qg6 38. Qh4 Qh7 1/2-1/2

[Event "III Open A"]
[Site "Padova ITA"]
[Date "2000.12.03"]
[Round "2"]
[White "Pircher, Karl"]
[Black "Alberton, Roberto"]
[Result "1-0"]
[WhiteElo "2041"]
[BlackElo "2147"]
[PlyCount "85"]
[EventDate "2000.12.02"]

1. d4 Nf6 2. c4 e6 3. Nc3 Bb4 4. Qc2 Nc6 5. Nf3 d6 6. Bg5 h6 7. Bxf6 Qxf6 8. e3
O-O 9. Be2 e5 10. d5 Ne7 11. O-O Bxc3 12. Qxc3 a5 13. Nd2 Qg6 14. e4 b6 15.
Rae1 Qg5 16. Bd1 Ng6 17. Re3 Nf4 18. Rg3 Qe7 19. Re1 h5 20. Rf3 Bg4 21. Rfe3
Bd7 22. Nf1 h4 23. Rf3 h3 24. Ne3 hxg2 25. Rg3 Qf6 26. Nxg2 Nxg2 27. Kxg2 g6
28. Bg4 Bxg4 29. Rxg4 Kg7 30. Qg3 Rh8 31. Re3 Rh6 32. Rf3 Qe7 33. h3 Rah8 34.
Qh2 Qd7 35. Rgg3 Qa4 36. b3 Qxa2 37. Qh1 Qc2 38. Qe1 Rh4 39. Re3 Rf4 40. Re2
Rxe4 41. Rxe4 Qa2 42. Qe3 f5 43. Qg5 1-0

[Event "III Open A"]
[Site "Padova ITA"]
[Date "2000.12.03"]
[Round "2"]
[White "Rossato, Armando"]
[Black "Astengo, Marcello"]
[Result "1-0"]
[WhiteElo "2201"]
[BlackElo "2060"]
[PlyCount "69"]
[EventDate "2000.12.02"]

1. d4 d5 2. Nc3 Bf5 3. e4 dxe4 4. f3 Nf6 5. Bg5 Nbd7 6. Bc4 h6 7. Bh4 c6 8. Qe2
Nb6 9. Bb3 Qxd4 10. Rd1 Qb4 11. Bxf6 exf6 12. fxe4 Bg6 13. Nf3 Bc5 14. Nh4 Bh7
15. Rd3 O-O 16. a3 Qa5 17. Kd1 Rad8 18. Rf1 Bxa3 19. Nf5 Bxb2 20. Bxf7+ Kxf7
21. Qh5+ Kg8 22. Ne7+ Kh8 23. Qxa5 Bxc3 24. Qxc3 Bxe4 25. Rxd8 Rxd8+ 26. Kc1
Re8 27. Qd4 Bh7 28. Rxf6 c5 29. Qf4 Rxe7 30. Rf8+ Bg8 31. Qb8 Nc4 32. Rxg8+ Kh7
33. Rh8+ Kg6 34. Qg3+ Kf7 35. Qf4+ 1-0

[Event "III Open A"]
[Site "Padova ITA"]
[Date "2000.12.03"]
[Round "2"]
[White "Solozhenkin, Evgeniy"]
[Black "Quinn, Mark Peter"]
[Result "1/2-1/2"]
[WhiteElo "2517"]
[BlackElo "2381"]
[PlyCount "74"]
[EventDate "2000.12.02"]

1. d4 Nf6 2. c4 e6 3. Nf3 c5 4. d5 d6 5. Nc3 exd5 6. cxd5 g6 7. h3 Bg7 8. e4
O-O 9. Bd3 Nbd7 10. O-O Nh5 11. Bg5 Bf6 12. Be3 Ne5 13. Nxe5 Bxe5 14. f4 Bg7
15. Qf3 b6 16. Rad1 a6 17. Rfe1 Ra7 18. Bf2 Qf6 19. Ne2 Qxb2 20. Rb1 Qa3 21.
Rxb6 Rd8 22. e5 dxe5 23. Rc6 Rad7 24. Bxc5 Qxa2 25. Bb6 Rf8 26. f5 Qxd5 27.
Qxd5 Rxd5 28. Bc4 Rd2 29. fxg6 hxg6 30. Rxg6 Rc2 31. Rc6 Be6 32. Bb5 Rb2 33.
Bxa6 Bh6 34. Bf2 Rd8 35. Bc4 Bxc4 36. Rxc4 Rdd2 37. Rh4 Rxe2 1/2-1/2

[Event "III Open A"]
[Site "Padova ITA"]
[Date "2000.12.03"]
[Round "2"]
[White "Van Hoolandt, Patrick"]
[Black "Artizzu, Giulio"]
[Result "1-0"]
[WhiteElo "2169"]
[BlackElo "2095"]
[PlyCount "87"]
[EventDate "2000.12.02"]

1. c4 f5 2. g3 g6 3. Bg2 Bg7 4. Nc3 e5 5. d3 Ne7 6. e4 Nbc6 7. Nge2 O-O 8. O-O
d6 9. f4 Nd4 10. Be3 c5 11. Qd2 a6 12. Rae1 Rb8 13. fxe5 dxe5 14. exf5 gxf5 15.
Bg5 Bf6 16. Bxf6 Rxf6 17. Nd5 Rg6 18. Nxd4 cxd4 19. Rxe5 Nc6 20. Re2 Bd7 21.
Rfe1 Rg7 22. Qh6 Rf7 23. Bf3 Qf8 24. Qxf8+ Rbxf8 25. Nb6 Nb4 26. a3 Bc6 27. Bh5
Nxd3 28. Rd1 Nc5 29. Bxf7+ Rxf7 30. Rxd4 Nd7 31. Nxd7 Bxd7 32. b4 Bc6 33. Re5
h5 34. Kf2 Be4 35. Ke3 h4 36. gxh4 Rg7 37. Rdxe4 fxe4 38. Rxe4 Rg2 39. Kd4 Rxh2
40. Kc5 Ra2 41. Kb6 Rxa3 42. Kxb7 Rb3 43. c5 a5 44. c6 1-0

[Event "III Open A"]
[Site "Padova ITA"]
[Date "2000.12.04"]
[Round "3"]
[White "Artizzu, Giulio"]
[Black "Di Lazzaro, Gabriele"]
[Result "1-0"]
[WhiteElo "2095"]
[BlackElo "1959"]
[PlyCount "65"]
[EventDate "2000.12.02"]

1. e4 g6 2. d4 Bg7 3. Nf3 d6 4. Bc4 c6 5. Nc3 Nf6 6. Qe2 O-O 7. O-O d5 8. Bb3
dxe4 9. Nxe4 Nxe4 10. Qxe4 Bf5 11. Qe2 Bg4 12. c3 e6 13. h3 Bxf3 14. Qxf3 Nd7
15. Re1 a5 16. Bf4 a4 17. Bc2 Nb6 18. Qg3 Nd5 19. Bd6 Re8 20. Rad1 Bf8 21. Be5
Bg7 22. Bd6 Bf8 23. Be5 Bg7 24. c4 Nb4 25. Bc7 Qd7 26. Bb1 Rec8 27. Bd6 Bf8 28.
Be5 Bg7 29. Bxg7 Kxg7 30. Qc3 Na6 31. d5+ Kg8 32. dxe6 Qe8 33. Rd7 1-0

[Event "III Open A"]
[Site "Padova ITA"]
[Date "2000.12.04"]
[Round "3"]
[White "Astengo, Marcello"]
[Black "Cecchetto, Vanni"]
[Result "1-0"]
[WhiteElo "2060"]
[BlackElo "2139"]
[PlyCount "80"]
[EventDate "2000.12.02"]

1. d4 d5 2. Nf3 Bg4 3. Bf4 Bxf3 4. exf3 Nf6 5. Bd3 e6 6. O-O c5 7. c3 cxd4 8.
Bxb8 Rxb8 9. Bb5+ Nd7 10. Qxd4 a6 11. Bxd7+ Qxd7 12. f4 f6 13. Re1 Kf7 14. c4
Rd8 15. Rd1 Qc6 16. f5 e5 17. Qg4 d4 18. Qh5+ Ke7 19. Nd2 Kd7 20. a3 Be7 21. b4
Kc8 22. c5 Kb8 23. Nc4 g6 24. Qe2 gxf5 25. Na5 Qb5 26. Qf3 Bxc5 27. a4 Qb6 28.
Nc4 Qe6 29. bxc5 Qxc4 30. Rab1 Qd5 31. Qxf5 Rhg8 32. f3 d3 33. Kh1 d2 34. Qxh7
Rh8 35. Qg7 e4 36. Rxd2 Qc6 37. Rd6 Rhg8 38. Qxf6 Rdf8 39. Qe5 Qc7 40. Qxe4 Re8
1-0

[Event "III Open A"]
[Site "Padova ITA"]
[Date "2000.12.04"]
[Round "3"]
[White "Bracaglia, Carlo"]
[Black "Mrdja, Milan"]
[Result "1/2-1/2"]
[WhiteElo "2134"]
[BlackElo "2431"]
[PlyCount "100"]
[EventDate "2000.12.02"]

1. e4 Nf6 2. Nc3 d5 3. e5 Nfd7 4. f4 d4 5. Ne4 e6 6. Nf3 Nc5 7. d3 Nxe4 8. dxe4
c5 9. Bd3 Nc6 10. O-O Qc7 11. Bd2 Be7 12. Qe1 Bd7 13. Qg3 g6 14. Kh1 O-O-O 15.
a3 Kb8 16. Rfb1 a5 17. Qf2 h6 18. b4 cxb4 19. axb4 Bxb4 20. Bxb4 Nxb4 21. Nxd4
b6 22. Bf1 Qc5 23. c3 Be8 24. cxb4 Qxd4 25. Qxd4 Rxd4 26. bxa5 b5 27. Bxb5 Bxb5
28. Rxb5+ Ka8 29. Rc1 Rb8 30. Rxb8+ Kxb8 31. Ra1 Rxe4 32. g3 g5 33. fxg5 hxg5
34. Rf1 Rxe5 35. Rxf7 Rxa5 36. Kg2 Kc8 37. Kh3 Kd8 38. Kg4 Ke8 39. Rg7 Kf8 40.
Rxg5 Ra2 41. h4 Kf7 42. Kh5 Re2 43. g4 e5 44. Kh6 e4 45. Ra5 Rd2 46. Ra7+ Ke6
47. g5 e3 48. Ra3 e2 49. Re3+ Kf5 50. g6 Rd6 1/2-1/2

[Event "III Open A"]
[Site "Padova ITA"]
[Date "2000.12.04"]
[Round "3"]
[White "Del Monaco, Andrea"]
[Black "Rossato, Armando"]
[Result "1-0"]
[WhiteElo "2077"]
[BlackElo "2201"]
[PlyCount "79"]
[EventDate "2000.12.02"]

1. e4 g6 2. d4 d6 3. Nf3 Bg7 4. c3 Nf6 5. Bd3 Bg4 6. h3 Bxf3 7. Qxf3 Nc6 8. Bg5
h6 9. Bh4 g5 10. Bg3 e5 11. d5 Ne7 12. Nd2 Qd7 13. h4 g4 14. Qe2 Nh5 15. Bb5 c6
16. Ba4 f5 17. O-O-O Nxg3 18. fxg3 O-O 19. dxc6 bxc6 20. Nc4 d5 21. exd5 Nxd5
22. Na5 Kh8 23. Bxc6 Nxc3 24. bxc3 Qe7 25. Bxa8 Qa3+ 26. Qb2 Qxa5 27. Rd5 Qc7
28. Rhd1 Rxa8 29. Rd7 Qc6 30. Rd8+ Rxd8 31. Rxd8+ Kh7 32. Qb3 e4 33. h5 Qxc3+
34. Kd1 Qxb3+ 35. axb3 Be5 36. Rd7+ Kg8 37. Rd5 Bxg3 38. Rxf5 e3 39. Ke2 Bf2
40. b4 1-0

[Event "III Open A"]
[Site "Padova ITA"]
[Date "2000.12.04"]
[Round "3"]
[White "Genocchio, Daniele"]
[Black "Djuric, Stefan"]
[Result "0-1"]
[WhiteElo "2201"]
[BlackElo "2461"]
[PlyCount "90"]
[EventDate "2000.12.02"]

1. d4 d5 2. Nf3 Bf5 3. Bf4 c6 4. e3 Qb6 5. Qc1 h6 6. Nbd2 Nf6 7. Ne5 Nbd7 8.
Be2 Nxe5 9. Bxe5 Nd7 10. Bf4 e6 11. O-O Be7 12. c4 a5 13. h3 O-O 14. Nb1 Rfc8
15. Nc3 Qd8 16. Qd1 dxc4 17. Bxc4 Nb6 18. Be2 Nd5 19. Bg3 Nxc3 20. bxc3 a4 21.
Bf3 Qa5 22. Qd2 b5 23. e4 Bg6 24. Qe3 Ra7 25. Rfd1 Rd7 26. Rac1 Rdd8 27. Bf4 c5
28. d5 exd5 29. Rxd5 Re8 30. Bg4 Rcd8 31. Bd7 Rf8 32. Rcd1 a3 33. Qg3 Qa4 34.
e5 Qe4 35. e6 Kh7 36. Bc7 Ra8 37. Bc6 Ra6 38. Bb7 Rxe6 39. Bf4 Qc4 40. Rd7 Be4
41. Be5 Rg6 42. R1d4 cxd4 43. Bxe4 f5 44. Rxe7 Rxg3 45. fxg3 Rf7 0-1

[Event "III Open A"]
[Site "Padova ITA"]
[Date "2000.12.04"]
[Round "3"]
[White "Quinn, Mark Peter"]
[Black "Naumkin, Igor"]
[Result "1-0"]
[WhiteElo "2381"]
[BlackElo "2440"]
[PlyCount "65"]
[EventDate "2000.12.02"]

1. d4 e6 2. c4 f5 3. Nc3 Bb4 4. g3 Nf6 5. Bg2 O-O 6. Nf3 Bxc3+ 7. bxc3 d6 8.
O-O Qe8 9. c5 dxc5 10. Ba3 Ne4 11. Qb3 Nc6 12. Bxc5 Rf6 13. Ba3 b6 14. c4 Qh5
15. Rfd1 Bb7 16. Rac1 f4 17. d5 fxg3 18. fxg3 Na5 19. Qd3 Qf5 20. g4 Qf4 21. e3
Qxg4 22. Ne5 Qh5 23. Qxe4 exd5 24. cxd5 Re8 25. Bb2 Rf5 26. Rf1 Rfxe5 27. Bxe5
Rxe5 28. Qf4 h6 29. Rxc7 Rg5 30. e4 Kh7 31. h4 Rg6 32. Qf5 Qxh4 33. Rxg7+ 1-0